Normal view
MARC view
- Velasco, Toribio
Entry Nombre Personal
001 - NUMERO DE CONTROL
- campo de control: 43867
003 - IDENTIFICADOR DE NUMERO DE CONTROL
- campo de control: MX-MxUPN
005 - FECHA Y HORA DE LA ÜLTIMA TRANSACCIÓN
- campo de control: 20220303082630.0
008 - DATOS DE LONGITUD FIJA
- campo de control de longitud fija: 220303|| aca||aabn | a|a d
040 ## - FUENTE DE CATALOGACIÓN
- Agencia original de catalogación: MX-MxUPN
- Lenguaje de catalogación: spa
- Agencia de transcripción: MX-MxUPN
100 1# - ENCABEZAMIENTO - NOMBRE PERSONAL
- Nombre personal: Velasco, Toribio
670 ## - FUENTE EN LA QUE SE LOCALIZARON DATOS
- Cita de la fuente: Conocimiento de la naturaleza : primer año elemental, 1926:
- Información localizada: portada (Toribio Velasco)
902 ## - CATALOGADOR
- Catalogador: VRC/030322
